| 000 | 00435nam a2200193Ia 4500 | ||
|---|---|---|---|
| 008 | 150909s9999 xx 000 0 und d | ||
| 041 | _aEnglish | ||
| 082 | _a657 | ||
| 082 | _bANT/MA | ||
| 100 | _aAnthony R N | ||
| 100 | _aReece J S | ||
| 100 | _eAuthor | ||
| 245 | _aManagement accounting principles | ||
| 260 | _aIllinois | ||
| 260 | _bRichard D Irwin Inc | ||
| 260 | _c1982 | ||
| 300 | _a555 Pages | ||
| 942 | _cBK | ||
| 999 |
_c236792 _d236792 |
||